LEADER 02111nam 2200661Ia 450 001 9910452117503321 005 20200520144314.0 010 $a0-7914-8515-3 010 $a1-4237-3980-9 035 $a(CKB)1000000000458382 035 $a(OCoLC)62751310 035 $a(CaPaEBR)ebrary10594729 035 $a(SSID)ssj0000186747 035 $a(PQKBManifestationID)11170639 035 $a(PQKBTitleCode)TC0000186747 035 $a(PQKBWorkID)10218884 035 $a(PQKB)10722484 035 $a(MiAaPQ)EBC3408402 035 $a(OCoLC)62365164 035 $a(MdBmJHUP)muse6145 035 $a(Au-PeEL)EBL3408402 035 $a(CaPaEBR)ebr10594729 035 $a(EXLCZ)991000000000458382 100 $a20040226d2004 uy 0 101 0 $aeng 135 $aurcn||||||||| 181 $ctxt 182 $cc 183 $acr 200 10$aJustice for the past$b[electronic resource] /$fStephen Kershnar 210 $aAlbany $cState University of New York Press$d2004 215 $a1 online resource (171 p.) 225 0 $aSUNY series in American constitutionalism 300 $aBibliographic Level Mode of Issuance: Monograph 311 $a0-7914-6071-1 320 $aIncludes bibliographical references (p. 131-155) and index. 606 $aMinorities$xCivil rights$zUnited States 606 $aWomen's rights$zUnited States 606 $aMinorities$xGovernment policy$zUnited States 606 $aWomen$xGovernment policy$zUnited States 606 $aAffirmative action programs$zUnited States 606 $aAfrican Americans$xReparations 608 $aElectronic books. 615 0$aMinorities$xCivil rights 615 0$aWomen's rights 615 0$aMinorities$xGovernment policy 615 0$aWomen$xGovernment policy 615 0$aAffirmative action programs 615 0$aAfrican Americans$xReparations. 676 $a323.173 700 $aKershnar$b Stephen$0892540 801 0$bMiAaPQ 801 1$bMiAaPQ 801 2$bMiAaPQ 906 $aBOOK 912 $a9910452117503321 996 $aJustice for the past$92488412 997 $aUNINA LEADER 01332nam0 22003131i 450 001 UON00328373 005 20231205104210.91 100 $a20090730d1981 |0itac50 ba 101 $afre$aRUM 102 $aRO 105 $a|||| 1|||| 200 1 $aPoésies$dPoezii$fVasile Voiculescu$gtraduction par Paul Miclau$gpréface par Stefan Aug. Doinas 205 $aBucuresti : Minerva$b1981 210 $a591 p.$a20 cm 215 $aIn francese con testo rumeno a fronte. 316 $aEx inventario : Seminario di Studi dell'Occ. Med. e Mod. 25391.$5IT-UONSI FONDOONCIULESCUA/0442 510 1$3UON00378499$aPoezii 620 $aRO$dBucure?ti$3UONL000071 676 $a859$cLetteratura romena e letterature ladine$v21 700 1$aVOICULESCU$bVasile$3UONV185878$0450798 702 1$aDOINA?$b?tefan Aug.$3UONV187099 702 1$aMICLAU$bPaul$3UONV185586 712 $aEditura Minerva$3UONV275495$4650 801 $aIT$bSOL$c20240220$gRICA 899 $aSIBA - SISTEMA BIBLIOTECARIO DI ATENEO$2UONSI 912 $aUON00328373 950 $aSIBA - SISTEMA BIBLIOTECARIO DI ATENEO$dSI FONDO ONCIULESCU A 0442 $eSI EO 42734 5 0442 Ex inventario : Seminario di Studi dell'Occ. Med. e Mod. 25391.$sDeteriorato 996 $aPoésies$91367879 997 $aUNIOR